| 000 | 00569nam a2200205 a 4500 | ||
|---|---|---|---|
| 001 | BRCA_6742 | ||
| 005 | 20190320205556.0 | ||
| 008 | 211011s1946----mx-#######---#000-0#spa-# | ||
| 041 | _aspa | ||
| 044 | _amx | ||
| 245 | 1 | 0 |
_aPoesías completas _cLuis G. Urbina; edición y prólogo de Antonio Castro Leal |
| 260 |
_aMéxico _bPorrúa _c1946 |
||
| 300 |
_a2 v. _c19 cm. |
||
| 440 | 0 |
_aEscritores mexicanos _v28-29 _916836 |
|
| 500 | _aI112 | ||
| 650 | 1 | 4 |
_aLiteratura mexicana _910506 |
| 700 | 1 |
_aCastro Leal, Antonio _eEditor _916837 |
|
| 902 | _aGFM | ||
| 942 |
_2lcc _cB |
||
| 999 |
_c6425 _d6425 |
||